Omicidio per cause sessuali / Peter Milani

Gespeichert in:
Bibliographische Detailangaben
1. Verfasser: Milani, Peter
Format: Buch
Sprache:Englisch
Tags: Tag hinzufügen
Keine Tags, Fügen Sie das erste Tag hinzu!

MARC

LEADER 00000nam a2200000 4500
001 CDOM0000002347
003 mi
005 20250924112946.0
008 250924b |||||||| |||| 00| 0 eng d
040 |c mi 
100 |a Milani, Peter 
245 1 |a Omicidio per cause sessuali /  |b Peter Milani 
942 |2 ddc  |c BK 
952 |0 0  |1 0  |2 ddc  |4 0  |7 0  |9 5934  |a MI  |b MI  |d 1987-09-10  |i 536  |l 0  |p CDOM536  |r 2025-07-13 16:28:00  |w 2025-07-13  |x DONO  |y BK 
999 |c 4739  |d 4739